000 00682cam a2200241 a 4500
001 1979406
003 NUST - PNEC
005 20170116181000.0
008 890111s1989 txua 001 0 eng
010 _a 89005289
020 _a1556221045 :
040 _cLIBRARY
082 0 0 _a686.22 SHE
100 1 _aSheldon, George.
245 1 0 _aIllustrated Ventura 2.0 /
_cGeorge Sheldon.
260 _aPlano, Tex. :
_bWordware Pub.,
_c1989.
300 _avi, 329 p. :
_bill. ;
_c24 cm.
500 _aIncludes index.
630 0 0 _aVentura publisher (Computer file)
650 0 _aDesktop publishing.
_xMIS
906 _a7
_bcbc
_corignew
_d1
_eocip
_f19
_gy-gencatlg
942 _2ddc
_cBK
999 _c66664
_d66664